The CDC's case definition of AIDS : implications of the proposed revisions.

Bibliographic Details
Corporate Author: United States. Congress. Office of Technology Assessment
Format: Government Document Book
Language:English
Published: Washington, D.C. : Congress of the U.S., Office of Technology Assessment : [1992]
Series:HIV-related issues ; 8.
HIV-related issues. Background paper.
Subjects:

MARC

Tag First Indicator Second Indicator Subfields
LEADER 00000cam a2200000 a 4500
001 in00001092913
005 20150929184131.0
008 920821s1992 dcua b f000 0 eng d
010 |a gp 92083004  
020 |c $5.50 
035 |a (OCoLC)26466178 
035 |9 AFS3713AM 
037 |a 052-003-01293-6  |b GPO 
040 |d GPO  |d DLC  |d UtOrBLW 
043 |a n-us--- 
074 |a 1070-M 
086 0 |a Y 3.T 22/2:2 H 88/3 
088 |a OTA-BP-H-89 
090 |a RC607.A26  |b U54 1992 
245 0 4 |a The CDC's case definition of AIDS :  |b implications of the proposed revisions. 
264 1 |a Washington, D.C. :  |b Congress of the U.S., Office of Technology Assessment :  |c [1992] 
264 2 |a Washington, D.C. :  |b [Supt. of Docs., U.S. G.P.O., distributor], 
300 |a vii, 93 pages :  |b illustrations ;  |c 27 cm. 
336 |a text  |b txt  |2 rdacontent 
337 |a unmediated  |b n  |2 rdamedia 
338 |a volume  |b nc  |2 rdacarrier 
490 1 |a HIV-related issues ;  |v 8.  |a Background paper 
500 |a Shipping list number: 92-0519-P. 
500 |a "August 1992"--Title page verso. 
504 |a Includes bibliographical references (pages 83-93). 
500 |a "OTA-BP-H-89"--P. [4] of cover. 
650 0 |a AIDS (Disease)  |x Diagnosis. 
650 0 |a AIDS (Disease)  |x Government policy  |z United States. 
710 1 |a United States.  |b Congress.  |b Office of Technology Assessment. 
830 0 |a HIV-related issues ;  |v 8. 
830 0 |a HIV-related issues.  |p Background paper. 
999 |a MARS 
999 f f |s d2e69de5-0cd4-3e65-978e-0799df0e14e8  |i 4ee344bc-9b98-35a2-a7d1-dcd7be031645  |t 0 
952 f f |p normal  |a Texas A&M University  |b College Station  |c Sterling C. Evans Library  |d Evans: US Documents (Annex 5th floor)  |t 0  |e Y 3.T 22/2:2 H 88/3  |h Superintendent of Documents classification  |i unmediated -- volume  |m A14816495723 
998 f f |a Y 3.T 22/2:2 H 88/3  |t 0  |l Evans: US Documents (Annex 5th floor)